RB Leipzig Squad 2017-2018 - Statistics

General Stats
  • This quiz has been taken 9 times
  • The average score is 20 of 27
Answer Stats
# Position Nation Player % Correct
5 DF France Dayot Upamecano
100%
10 FW Sweden Emil Forsberg
100%
7 FW Austria Marcel Sabitzer
100%
32 GK Hungary Péter Gulácsi
100%
11 FW Germany Timo Werner
100%
6 DF France Ibrahima Konaté
88%
44 MF Slovenia Kevin Kampl
88%
27 MF Austria Konrad Laimer
88%
16 DF Germany Lukas Klostermann
88%
8 MF Guinea Naby Keïta
88%
4 DF Hungary Willi Orban
88%
9 FW Denmark Yussuf Poulsen
88%
18 FW Nigeria Ademola Lookman
75%
31 MF Germany Diego Demme
75%
29 FW France Jean-Kévin Augustin
75%
23 DF Germany Marcel Halstenberg
75%
28 GK Switzerland Yvon Mvogo
75%
3 DF Brazil Bernardo
63%
17 FW Portugal Bruma
63%
- Coach Austria Ralph Hasenhüttl
63%
13 MF Austria Stefan Ilsanker
63%
20 DF Germany Benno Schmitz
50%
24 MF Germany Dominik Kaiser
50%
1 GK Switzerland Fabio Coltorti
50%
38 MF Germany Federico Palacios
38%
22 GK Switzerland Philipp Köhn
38%
33 DF Germany Marvin Compper
25%
No matching quizzes found
Score Distribution
Percent of People with Each Score
Percentile by Number Answered
Your Score History
You have not taken this quiz